Retail sa v úvode roku vzchopil

Po dvoch pandemických rokoch sa maloobchodný sektor na jar konečne nadýchol. Uvoľnené reštrikcie spôsobili, že zákazníci sa húfne vracali do prevádzok, čo dokazujú čísla štatistického úradu z prvého kvartálu.

Gespeichert in:
Bibliographische Detailangaben
1. Verfasser: Janiga, Ivan
Format: Buchkapitel
Sprache:Slowakisch
Schlagworte:
Tags: Tag hinzufügen
Keine Tags, Fügen Sie das erste Tag hinzu!

MARC

LEADER 00000naa a2200000 4500
001 0290901
005 20240417075224.9
041 0 |a slo 
044 |a SK 
245 1 0 |a Retail sa v úvode roku vzchopil  |c Ivan Janiga 
520 |a Po dvoch pandemických rokoch sa maloobchodný sektor na jar konečne nadýchol. Uvoľnené reštrikcie spôsobili, že zákazníci sa húfne vracali do prevádzok, čo dokazujú čísla štatistického úradu z prvého kvartálu. 
610 2 0 |a maloobchod 
610 2 0 |a inflácia 
610 2 0 |a kúpyschopnosť 
610 2 0 |a dopyt spotrebiteľský 
610 2 0 |a údaje štatistické 
100 1 |a Janiga, Ivan